The Life Of A Showgirl - Taylor Swift Feat. Sabrina Carpenter - All - Statistics

General Stats
  • This quiz has been taken 62 times
    23 since last reset
  • The average score is 380 of 456
Answer Stats
Answer % Correct
a
100%
and
100%
And
100%
bouquet
100%
bouquet,
100%
bouquet)
100%
do
100%
Do
100%
for
100%
"Hey,
100%
Hey,
100%
life
100%
lovely
100%
me
100%
of
100%
oh
100%
oh)
100%
she
100%
She
100%
showgirl,
100%
than
100%
thank
100%
"Thank
100%
(Thank
100%
Thank
100%
the
100%
The
100%
Then
100%
then
100%
to
100%
was
100%
you
100%
You
100%
babe
92%
baby
92%
being
92%
But
92%
don't
92%
Her
92%
her
92%
I
92%
in
92%
Kitty
92%
know
92%
Made
92%
men
92%
money
92%
my
92%
name
92%
pretty
92%
said
92%
said,
92%
Wait,
92%
witty
92%
"You're
92%
You're
92%
you're
92%
by
83%
city
83%
did
83%
didn't
83%
ever
83%
gave
83%
gonna
83%
have
83%
it
83%
keys
83%
kitten,
83%
like
83%
menace
83%
mother
83%
never,
83%
never
83%
peach
83%
play,
83%
so
83%
So
83%
softer
83%
stage
83%
sweeter
83%
They
83%
they
83%
this
83%
waited
83%
wanna"
83%
wanna
83%
who
83%
around
75%
bought
75%
dancing
75%
door
75%
dream"
75%
family
75%
father
75%
"I'd
75%
I'd
75%
legitly,
75%
living
75%
more
75%
on
75%
out
75%
pay
75%
played
75%
She's
75%
tennis
75%
that
75%
them
75%
ticket
75%
took
75%
with
75%
all
67%
any
67%
away
67%
came
67%
dues
67%
Fifty
67%
fishnets
67%
from
67%
ice
67%
if
67%
I'll
67%
I'm
67%
inside
67%
neck
67%
other
67%
pills
67%
take
67%
veins?
67%
what
67%
wisdom
67%
Wow,
67%
zero
67%
another
58%
arrived
58%
As
58%
autograph
58%
back,
58%
barking
58%
bruise
58%
cigarette
58%
couldn't
58%
dead
58%
die
58%
expect
58%
get
58%
guess
58%
hounds,
58%
Hung
58%
hurry
58%
hustle
58%
immortal
58%
knew
58%
leave
58%
Lenox
58%
Looking
58%
married
58%
missteps
58%
not
58%
now,
58%
now
58%
Now
58%
pearls
58%
say
58%
showgirls
58%
skate
58%
soul
58%
that's
58%
tried
58%
up
58%
us
58%
way
58%
way,
58%
whored
58%
are
50%
bitches
50%
club
50%
end
50%
every
50%
false
50%
garters
50%
glowing
50%
lashes
50%
magnificent
50%
mine"
50%
off
50%
Packed
50%
paid
50%
promoter
50%
taste
50%
threw
50%
wish
50%
Wouldn't
50%
(Wouldn't
50%
dance
42%
dolls
42%
headshots
42%
hidden
42%
kismet
42%
lipstick
42%
(Lipstick
42%
make
42%
ripped
42%
sell
42%
walls
42%
cast,
33%
hall
33%
lace
33%
lace)
33%
forever,
25%
Pain
25%
Sequins
8%
No matching quizzes found
Score Distribution
Percent of People with Each Score
Percentile by Number Answered
Your Score History
You have not taken this quiz since the last reset